000 00894nas a2200325 4500
001 BR0603361
003 BR-BrBNA
005 20231205110321.0
007 ta
008 230509b bl.|||p| |||| 00| 00por d
040 _aBR-BrBNA
_bpor
_cBiblioteca Nacional de Agricultura
041 _a(En)
072 _aF04
100 1 _aRossete, A.L.R.M.
100 1 _aBendassolli, J.A.
100 1 _aMáximo, E.
100 1 _aSant'Ana Filho, C.R.
100 1 _aIgnoto, R. de F.
245 1 _aProduction of 34S labeled gypsum (Ca34 SO4.2H2O)
650 _aENXOFRE
650 _aGESSO
650 _aCÁLCIO
650 _aREAÇÃO QUÍMICA
650 _aSOLO
650 _aALUMÍNIO
650 _aADUBAÇÃO
773 0 _tScientia Agrícola (Brazil)
_xISSN 0103-9016
_g(Jul-Aug 2006), v. 63(4) p. 399-404
_wBR0603361
909 _a202311
_bLúcia
_c55
_dLúcia Elande
942 _2AGRIS
_n0
_cANA
999 _c186939
_d186939